Snow White and the Seven Dwarfs - Heigh Ho Lyrics - Statistics

General Stats
  • This quiz has been taken 134 times
  • The average score is 90 of 145
Answer Stats
Answer % Correct
ho
99%
Heigh
97%
We
96%
we
96%
go
90%
work
89%
It
87%
To
82%
to
82%
a
79%
A
79%
It's
79%
the
72%
mine
65%
dig
63%
in
56%
In
56%
day
54%
diamonds
52%
do
52%
from
52%
home
51%
through
46%
what
44%
night
42%
whole
41%
million
39%
is
38%
our
38%
pick
38%
Where
37%
with
37%
shine
35%
for
34%
like
34%
or
32%
don't
31%
know
31%
thousand
31%
morn
30%
shovel
30%
up
30%
more
28%
no
28%
till
28%
ain't
27%
get
27%
sometimes
27%
rubies
25%
early
24%
If
24%
trick
24%
But
23%
quick
23%
you
23%
'em
21%
rich
21%
by
20%
everything
18%
score
18%
sight
18%
really
13%
a-dig
10%
No matching quizzes found
Score Distribution
Percent of People with Each Score
Percentile by Number Answered
Your Score History
You have not taken this quiz